Electric drives (Record no. 12357)

000 -LEADER
fixed length control field 00401nam a2200157 4500
020 ## - INTERNATIONAL STANDARD BOOK NUMBER
International Standard Book Number 9788120314924
082 ## - DEWEY DECIMAL CLASSIFICATION NUMBER
Classification number 621.46 DEN
100 ## - MAIN ENTRY--PERSONAL NAME
Personal name De, Nisit K.
245 ## - TITLE STATEMENT
Title Electric drives
260 ## - PUBLICATION, DISTRIBUTION, ETC.
Place of publication, distribution, etc. New Delhi, India
Name of publisher, distributor, etc. PHI Learning
Date of publication, distribution, etc. 1999
300 ## - PHYSICAL DESCRIPTION
Extent ix, 314 p.
Other physical details ill. ;
500 ## - GENERAL NOTE
General note Includes index.
650 ## - SUBJECT ADDED ENTRY--TOPICAL TERM
Topical term or geographic name entry element 1. Electric driving. 2. Electric motors.
700 ## - ADDED ENTRY--PERSONAL NAME
Personal name Sen, Prasanta K.
942 ## - ADDED ENTRY ELEMENTS (KOHA)
Koha item type Book
Holdings
Withdrawn status Lost status Damaged status Not for loan Collection code Permanent Location Current Location Shelving location Date acquired Source of acquisition Cost, normal purchase price Total Checkouts Full call number Barcode Date last seen Date last checked out Price effective from Koha item type
          Central Library (CL) Central Library (CL) General Stacks 12/27/2013 Saeed Book Bank 392.40 3 621.46 DEN SEECS012770 05/24/2015 04/22/2015 12/29/2013 Book
© 2023 Central Library, National University of Sciences and Technology. All Rights Reserved.